Terminology : theory, methods, and applications

Αποθηκεύτηκε σε:
Λεπτομέρειες βιβλιογραφικής εγγραφής
Κύριος συγγραφέας: Cabre, M. Teresa (Maria Teresa)
Άλλοι συγγραφείς: Sager, Juan C. (Επιμελητής έκδοσης), DeCesaris, Janet Ann (Μεταφραστής)
Μορφή: Βιβλίο
Γλώσσα:English
Δημοσίευση: Amsterdam : John Benjamins, 1999
Σειρά:Terminology and lexicography research and practice ; ; 1
Θέματα:
Ετικέτες: Προσθήκη ετικέτας
Δεν υπάρχουν, Καταχωρήστε ετικέτα πρώτοι!

MARC

LEADER 00000nam a2200000 i 4500
001 1/41054
008 030923s1999 eng d
020 |a 1-55619-787-X 
035 |l 10070922 
040 |a GR-MY-UA  |b gre  |e aacr 
041 0 |a eng 
082 0 |a 418 
100 1 |a Cabre, M. Teresa  |q (Maria Teresa) 
245 1 0 |a Terminology :  |b theory, methods, and applications /  |c M. Teresa Cabre ; edited by Juan C. Sager ; translated by Janet Ann DeCesaris 
260 |a Amsterdam :   |b John Benjamins,   |c 1999 
300 |a 247 p. 
490 1 |a Terminology and lexicography research and practice  |v ; 1 
504 |a Includes bibliographical references and indexes 
650 0 0 |a Terms and phrases. 
700 1 |a Sager, Juan C.  |4 edt 
700 1 |a DeCesaris, Janet Ann.  |4 trl 
830 0 |a Terminology and lexicography research and practice ;  |v ; 1 
852 |a INST  |b RHODES  |e 20030923  |h 418 CAB  |p 005400020054  |q 005400020054  |t BK  |y 0 
901 |a BIBL4-2003-3 
909 |a Ρ  |b 106091 
922 |a 4ΕΛΗ  |b 200309  |c ΕΠΕΑΕΚ2/ΤΜΣ  |d ΜΙΧΑΛΟΠΟΥΛΟΣ 
950 |a 124-2002-10-22 
970 |a ΚΟΥΛΑΚΙΟΤΗ  |b ΛΙΤΣΑ  |z 2003/09/24